00000000nam##2200000za#4500
0019.641990
003CaOODSP
00520210624223459
007cr |||||||||||
008150407|2005||||xxc|||||o    f|0| 0 fre|d
040 |aCaOODSP|bfre
043 |an-cn---
0861 |aEn4-204/2005F-PDF
1101 |aCanada. |bEnvironnement Canada.
24510|aVérification des comptes fournisseurs – RCN / |h[ressource électronique]|c[par] Direction générale de la vérification et de l'évaluation.
260 |aGatineau - Québec : |bEnvironnement Canada |cAvril 2005.
300 |a19p.
590 |a13-14-Supp|b2013-05-30
77508|tAudit of accounts payable – NCR / |w(CaOODSP)9.697993
85640|ahttp://publications.gc.ca|qPDF|s92 Ko|uhttps://publications.gc.ca/collections/collection_2013/ec/En4-204-2005-fra.pdf